Revue roumaine des sciences sociales série des sciences économiques

Guardado en:
Detalles Bibliográficos
Formato: Seriadas
Lenguaje:rumano
Publicado: Bucuresti Académiai Republicii Socialiste Románia 1981
Etiquetas: Agregar Etiqueta
Sin Etiquetas, Sea el primero en etiquetar este registro!

MARC

LEADER 00000nas2a2200000 4500
001 s122707
005 20250730114210.5
041 0 |a rum 
044 |a RO 
245 1 0 |a Revue roumaine des sciences sociales  |b série des sciences économiques 
264 1 |a Bucuresti  |b Académiai Republicii Socialiste Románia  |c 1981 
300 |a 1 zv. 
773 0 |w eu_un_cat*s120691